<?xml version="1.0" encoding="UTF-8"?>
<record
    xmlns:xsi="http://www.w3.org/2001/XMLSchema-instance"
    xsi:schemaLocation="http://www.loc.gov/MARC21/slim http://www.loc.gov/standards/marcxml/schema/MARC21slim.xsd"
    xmlns="http://www.loc.gov/MARC21/slim">

  <leader>01915nam1a22002531i 4500</leader>
  <controlfield tag="001">rc\2333572</controlfield>
  <controlfield tag="005">20260407192431.0</controlfield>
  <datafield tag="035" ind1=" " ind2=" ">
    <subfield code="a">(NLR Aleph) 006583737</subfield>
  </datafield>
  <datafield tag="090" ind1=" " ind2=" ">
    <subfield code="a">7072846</subfield>
    <subfield code="c">7072846</subfield>
  </datafield>
  <datafield tag="100" ind1=" " ind2=" ">
    <subfield code="a">20110829d1977    |||y0rusy50      ca</subfield>
  </datafield>
  <datafield tag="101" ind1="0" ind2=" ">
    <subfield code="a">rus</subfield>
  </datafield>
  <datafield tag="102" ind1=" " ind2=" ">
    <subfield code="a">RU</subfield>
  </datafield>
  <datafield tag="105" ind1=" " ind2=" ">
    <subfield code="a">    z   |||||</subfield>
  </datafield>
  <datafield tag="200" ind1="1" ind2=" ">
    <subfield code="a">&#x41F;&#x440;&#x43E;&#x433;&#x43D;&#x43E;&#x437;&#x438;&#x440;&#x43E;&#x432;&#x430;&#x43D;&#x438;&#x435; &#x43D;&#x430;&#x443;&#x447;&#x43D;&#x43E;-&#x442;&#x435;&#x445;&#x43D;&#x438;&#x447;&#x435;&#x441;&#x43A;&#x43E;&#x433;&#x43E; &#x43F;&#x440;&#x43E;&#x433;&#x440;&#x435;&#x441;&#x441;&#x430;</subfield>
    <subfield code="e">(&#x422;&#x435;&#x437;&#x438;&#x441;&#x44B; &#x434;&#x43E;&#x43A;&#x43B;. 2 &#x412;&#x441;&#x435;&#x441;&#x43E;&#x44E;&#x437;. &#x43D;&#x430;&#x443;&#x447;. &#x448;&#x43A;&#x43E;&#x43B;&#x44B;, &#x411;&#x430;&#x43A;&#x443;, 28.11.77-4.12.1977 &#x433;.)</subfield>
    <subfield code="f">[&#x420;&#x435;&#x434;. &#x43A;&#x43E;&#x43B;&#x43B;&#x435;&#x433;&#x438;&#x44F;: &#x421;&#x430;&#x440;&#x43A;&#x438;&#x441;&#x44F;&#x43D; &#x421;.&#x410;. (&#x43F;&#x440;&#x435;&#x434;.)] [&#x438; &#x434;&#x440;.]. &#x427;. 1-</subfield>
    <subfield code="g">&#x413;&#x43E;&#x441;. &#x43A;&#x43E;&#x43C;. &#x421;&#x43E;&#x432;&#x435;&#x442;&#x430; &#x41C;&#x438;&#x43D;&#x438;&#x441;&#x442;&#x440;&#x43E;&#x432; &#x421;&#x421;&#x421;&#x420; &#x43F;&#x43E; &#x43D;&#x430;&#x443;&#x43A;&#x435; &#x438; &#x442;&#x435;&#x445;&#x43D;&#x438;&#x43A;&#x435;. &#x41D;&#x430;&#x443;&#x447;. &#x421;&#x43E;&#x432;&#x435;&#x442; &#x43F;&#x43E; &#x43F;&#x440;&#x43E;&#x431;&#x43B;&#x435;&#x43C;&#x435; "&#x41E;&#x440;&#x433;. &#x438; &#x44D;&#x43A;&#x43E;&#x43D;&#x43E;&#x43C;&#x438;&#x43A;&#x430; &#x43D;&#x430;&#x443;&#x447;.-&#x442;&#x435;&#x445;&#x43D;. &#x438;&#x441;&#x441;&#x43B;&#x435;&#x434;. &#x438; &#x440;&#x430;&#x437;&#x440;&#x430;&#x431;.". &#x412;&#x441;&#x435;&#x441;&#x43E;&#x44E;&#x437;. &#x421;&#x43E;&#x432;&#x435;&#x442; &#x43D;&#x430;&#x443;&#x447;.-&#x442;&#x435;&#x445;&#x43D;. &#x43E;-&#x432;. &#x41A;&#x43E;&#x43C;&#x438;&#x441;. &#x43F;&#x43E; &#x43F;&#x440;&#x43E;&#x433;&#x43D;&#x43E;&#x437;&#x438;&#x440;&#x43E;&#x432;&#x430;&#x43D;&#x438;&#x44E; &#x440;&#x430;&#x437;&#x432;&#x438;&#x442;&#x438;&#x44F; &#x431;&#x43E;&#x43B;&#x44C;&#x448;&#x438;&#x445; &#x441;&#x438;&#x441;&#x442;&#x435;&#x43C;. &#x41A;&#x43E;&#x43C;. &#x43F;&#x43E; &#x43F;&#x440;&#x438;&#x43A;&#x43B;. &#x43C;&#x435;&#x442;&#x43E;&#x434;&#x430;&#x43C; &#x43C;&#x430;&#x442;&#x435;&#x43C;&#x430;&#x442;&#x438;&#x43A;&#x438; &#x438; &#x432;&#x44B;&#x447;&#x438;&#x441;&#x43B;&#x438;&#x442;. &#x442;&#x435;&#x445;&#x43D;&#x438;&#x43A;&#x438;. &#x41C;&#x43E;&#x441;&#x43A;. &#x430;&#x432;&#x438;&#x430;&#x446;. &#x438;&#x43D;-&#x442;. &#x410;&#x437;&#x435;&#x440;&#x431;. &#x440;&#x435;&#x441;&#x43F;. &#x441;&#x43E;&#x432;&#x435;&#x442; &#x43D;&#x430;&#x443;&#x447;.-&#x442;&#x435;&#x445;&#x43D;. &#x43E;-&#x432;. &#x41A;&#x43E;&#x43C;. &#x43F;&#x43E; &#x43F;&#x440;&#x43E;&#x433;&#x43D;&#x43E;&#x441;&#x442;&#x438;&#x43A;&#x435;. &#x418;&#x43D;-&#x442; &#x43A;&#x438;&#x431;&#x435;&#x440;&#x43D;&#x435;&#x442;&#x438;&#x43A;&#x438; &#x410;&#x41D; &#x410;&#x437;&#x421;&#x421;&#x420;. &#x411;&#x435;&#x43B;&#x43E;&#x440;&#x443;&#x441;. &#x41D;&#x418;&#x418; &#x41D;&#x422;&#x418; &#x438; &#x442;&#x435;&#x445;&#x43D;.-&#x44D;&#x43A;&#x43E;&#x43D;. &#x438;&#x441;&#x441;&#x43B;&#x435;&#x434;. &#x413;&#x43E;&#x441;&#x43F;&#x43B;&#x430;&#x43D;&#x430; &#x411;&#x421;&#x421;&#x420;</subfield>
  </datafield>
  <datafield tag="210" ind1=" " ind2=" ">
    <subfield code="a">&#x41C;&#x43E;&#x441;&#x43A;&#x432;&#x430;</subfield>
    <subfield code="c">&#x411;. &#x438;.</subfield>
    <subfield code="d">1977</subfield>
  </datafield>
  <datafield tag="215" ind1=" " ind2=" ">
    <subfield code="d">20</subfield>
  </datafield>
  <datafield tag="702" ind1=" " ind2="1">
    <subfield code="a">&#x421;&#x430;&#x440;&#x43A;&#x438;&#x441;&#x44F;&#x43D;</subfield>
    <subfield code="b">&#x421;.&#x410;.</subfield>
    <subfield code="g">&#x421;&#x435;&#x440;&#x433;&#x435;&#x439; &#x410;&#x440;&#x430;&#x43C;&#x43E;&#x432;&#x438;&#x447;</subfield>
    <subfield code="4">340</subfield>
  </datafield>
  <datafield tag="712" ind1="0" ind2="1">
    <subfield code="a">&#x421;&#x421;&#x421;&#x420;</subfield>
    <subfield code="b">&#x41A;&#x43E;&#x43C;&#x438;&#x442;&#x435;&#x442; &#x43F;&#x43E; &#x43D;&#x430;&#x443;&#x43A;&#x435; &#x438; &#x442;&#x435;&#x445;&#x43D;&#x438;&#x43A;&#x435;</subfield>
    <subfield code="b">&#x41D;&#x430;&#x443;&#x447;&#x43D;&#x44B;&#x439; &#x441;&#x43E;&#x432;&#x435;&#x442; &#x43F;&#x43E; &#x43F;&#x440;&#x43E;&#x431;&#x43B;&#x435;&#x43C;&#x435; "&#x41E;&#x440;&#x433;&#x430;&#x43D;&#x438;&#x437;&#x430;&#x446;&#x438;&#x44F; &#x438; &#x44D;&#x43A;&#x43E;&#x43D;&#x43E;&#x43C;&#x438;&#x43A;&#x430; &#x43D;&#x430;&#x443;&#x447;&#x43D;&#x43E;-&#x442;&#x435;&#x445;&#x43D;&#x438;&#x447;&#x435;&#x441;&#x43A;&#x438;&#x445; &#x438;&#x441;&#x441;&#x43B;&#x435;&#x434;&#x43E;&#x432;&#x430;&#x43D;&#x438;&#x439; &#x438; &#x440;&#x430;&#x437;&#x440;&#x430;&#x431;&#x43E;&#x442;&#x43E;&#x43A;"</subfield>
    <subfield code="3">RU\NLR\AUTH\8810125860</subfield>
    <subfield code="9">749113</subfield>
  </datafield>
  <datafield tag="801" ind1=" " ind2="0">
    <subfield code="a">RU</subfield>
    <subfield code="b">NLR</subfield>
    <subfield code="g">psbo</subfield>
  </datafield>
  <datafield tag="801" ind1=" " ind2="1">
    <subfield code="a">RU</subfield>
    <subfield code="b">ELAR</subfield>
    <subfield code="2">rusmarc</subfield>
  </datafield>
  <datafield tag="852" ind1=" " ind2=" ">
    <subfield code="a">NLR</subfield>
    <subfield code="j">78-3/941</subfield>
  </datafield>
  <datafield tag="899" ind1=" " ind2=" ">
    <subfield code="a">RuMoRGB</subfield>
    <subfield code="j">&#x411; 77-38/271</subfield>
  </datafield>
  <datafield tag="899" ind1=" " ind2=" ">
    <subfield code="a">RuMoRGB</subfield>
    <subfield code="j">&#x411; 77-38/273</subfield>
  </datafield>
  <datafield tag="942" ind1=" " ind2=" ">
    <subfield code="c">BOOK</subfield>
  </datafield>
</record>
